| 000 | 00412nam a2200157Ia 4500 | ||
|---|---|---|---|
| 008 | 180424s9999 xx 000 0 und d | ||
| 040 | _aPK-NaQUE | ||
| 100 | _a09ME77 | ||
| 100 | _aJameel Ahmed Mahesar | ||
| 245 | 0 | _aCase Study on Turbo Blower Station at Pakistan Steel Mill | |
| 260 | _aNawabshah | ||
| 260 | _bQUEST | ||
| 260 | _c2009 | ||
| 300 | _a113 | ||
| 700 | _aDepartment of Mechanical Engineering | ||
| 999 |
_c58541 _d58538 |
||